[Event "Stavropol Region-ch"]
[Site "Kislovodsk"]
[Date "2010.09.26"]
[Round "9"]
[White "Popov, Andrey"]
[Black "Suprunenko, Yury"]
[Result "1-0"]
[WhiteElo "2024"]
[BlackElo "2168"]
[PlyCount "69"]
[EventDate "2010.09.18"]
[EventType "swiss"]
[EventRounds "9"]
[EventCountry "RUS"]
[SourceTitle "EXT 2022"]
[Source "ChessBase"]
[SourceDate "2021.10.06"]
[SourceVersion "1"]
[SourceVersionDate "2021.10.06"]
[SourceQuality "1"]

1. c4 e5 2. Nc3 Nc6 3. g3 g6 4. Bg2 Nge7 5. d3 Bg7 6. e3 0-0 7. Nge2 Rb8 8. 0-0 a6 9. Rb1 b5 10. b3 bxc4 11. dxc4 Bb7 12. Ba3 d6 13. c5 Nf5 14. Rc1 Re8 15. Qd3 e4 16. Nxe4 Ne5 17. Qb1 Nh4 18. gxh4 Qxh4 19. f3 Nxf3+ 20. Bxf3 Rxe4 21. c6 Be5 22. Rf2 Rxe3 23. cxb7 Rxf3 24. Rxf3 Bxh2+ 25. Kf1 Rxb7 26. Qd3 Be5 27. Qd5 c6 28. Rxc6 Qh1+ 29. Kf2 Re7 30. Rc8+ Kg7 31. Rc1 Qh2+ 32. Kf1 Bf6 33. Ng1 Qxa2 34. Qxd6 Re6 35. Qf8# 1-0

[Event "Stavropol Region-ch"]
[Site "Kislovodsk"]
[Date "2010.09.25"]
[Round "8"]
[White "Suprunenko, Yury"]
[Black "Karabashev, Sagit"]
[Result "0-1"]
[WhiteElo "2168"]
[BlackElo "2167"]
[PlyCount "82"]
[EventDate "2010.09.18"]
[EventType "swiss"]
[EventRounds "9"]
[EventCountry "RUS"]
[SourceTitle "EXT 2022"]
[Source "ChessBase"]
[SourceDate "2021.10.06"]
[SourceVersion "1"]
[SourceVersionDate "2021.10.06"]
[SourceQuality "1"]

1. d4 d5 2. c4 e6 3. Nc3 c6 4. Nf3 Nf6 5. Bg5 h6 6. Bxf6 Qxf6 7. e3 g6 8. Bd3 dxc4 9. Bxc4 Bg7 10. 0-0 0-0 11. e4 Qe7 12. e5 c5 13. Qe2 cxd4 14. Nxd4 Qc5 15. Nf3 Nc6 16. Rfe1 a6 17. Rac1 Qe7 18. Bd3 Bd7 19. Be4 Rab8 20. Bxc6 Bxc6 21. Nd4 Rfc8 22. Nxc6 Rxc6 23. f4 Rbc8 24. Rcd1 Qb4 25. g3 h5 26. Rd2 Bf8 27. Red1 Qb6+ 28. Kg2 Bb4 29. Rd3 Bxc3 30. bxc3 Rxc3 31. Rxc3 Rxc3 32. Kh3 Rc8 33. Rd7 Qb1 34. Kh4 Kg7 35. h3 b5 36. Qd2 Qc2 37. Qd4 Qf5 38. g4 hxg4 39. hxg4 g5+ 40. fxg5 Rh8+ 41. Kg3 Qf1 0-1

[Event "Stavropol Region-ch"]
[Site "Kislovodsk"]
[Date "2010.09.24"]
[Round "7"]
[White "Rozhko, Dmitry"]
[Black "Suprunenko, Yury"]
[Result "1/2-1/2"]
[WhiteElo "2367"]
[BlackElo "2168"]
[PlyCount "100"]
[EventDate "2010.09.18"]
[EventType "swiss"]
[EventRounds "9"]
[EventCountry "RUS"]
[SourceTitle "EXT 2022"]
[Source "ChessBase"]
[SourceDate "2021.10.06"]
[SourceVersion "1"]
[SourceVersionDate "2021.10.06"]
[SourceQuality "1"]

1. d4 d5 2. Nf3 Nf6 3. c4 e6 4. g3 Be7 5. Bg2 0-0 6. 0-0 b6 7. Ne5 Bb7 8. Nc3 Nbd7 9. Qa4 Nxe5 10. dxe5 Ne4 11. Nxe4 dxe4 12. Rd1 Qe8 13. Qc2 Qc6 14. Be3 Rad8 15. Rd4 Rxd4 16. Bxd4 Rd8 17. e3 h6 18. b3 a6 19. h4 Bc5 20. Rd1 Be7 21. Rc1 Bf8 22. Kh2 Ba3 23. Rf1 Bb4 24. Rb1 Ba8 25. Rc1 Ba3 26. Ra1 Bc5 27. Rd1 Be7 28. Bb2 Rxd1 29. Qxd1 a5 30. Bf1 Kf8 31. Kh3 Bb7 32. Bg2 Qe8 33. Qd4 Bc5 34. Qd2 Be7 35. Qd1 Qc8 36. Bc3 Qd8 37. Qxd8+ Bxd8 38. Kg4 g5 39. hxg5 hxg5 40. Kh5 Kg7 41. Kg4 Be7 42. f4 exf3 43. Bxf3 Bxf3+ 44. Kxf3 Kg6 45. g4 Kg7 46. Bd2 Bb4 47. Bxb4 axb4 48. Ke4 c5 49. Kd3 Kg6 50. Ke2 Kg7 1/2-1/2

[Event "Gorodovikovsk Bashanta"]
[Site "Gorodovikovsk"]
[Date "2010.04.11"]
[Round "9"]
[White "Suprunenko, Yury"]
[Black "Dzhungurov, Vasily"]
[Result "1-0"]
[WhiteElo "2175"]
[BlackElo "1942"]
[PlyCount "37"]
[EventDate "2010.04.11"]
[EventType "tourn"]
[EventRounds "9"]
[EventCountry "RUS"]
[SourceTitle "EXT 2012"]
[Source "ChessBase"]
[SourceDate "2011.11.24"]
[SourceVersion "1"]
[SourceVersionDate "2011.11.24"]
[SourceQuality "1"]

1. e4 c5 2. c3 d5 3. exd5 Qxd5 4. d4 cxd4 5. cxd4 e6 6. Nc3 Bb4 7. Nf3 Nf6 8. a3 Bxc3+ 9. bxc3 Nbd7 10. Be2 Qa5 11. Qb3 Qc7 12. 0-0 b6 13. a4 Bb7 14. Ba3 Nd5 15. c4 Nf4 16. Rfe1 Nxe2+ 17. Rxe2 Bxf3 18. Qxf3 Rc8 19. Qg4 1-0

[Event "Nevinnomyssk 4th"]
[Site "Nevinnomyssk"]
[Date "2010.02.01"]
[Round "3"]
[White "Suprunenko, Yury"]
[Black "Mkrtoumian, Ashort"]
[Result "1-0"]
[WhiteElo "2175"]
[BlackElo "1997"]
[PlyCount "45"]
[EventDate "2010.01.30"]
[EventType "tourn"]
[EventRounds "9"]
[EventCountry "RUS"]
[SourceTitle "EXT 2022"]
[Source "ChessBase"]
[SourceDate "2021.10.06"]
[SourceVersion "1"]
[SourceVersionDate "2021.10.06"]
[SourceQuality "1"]

1. Nf3 Nf6 2. d4 g6 3. g3 Bg7 4. Bg2 0-0 5. 0-0 d5 6. c4 c6 7. b3 Bf5 8. Bb2 Qc8 9. Re1 Bh3 10. Bh1 h6 11. Nbd2 Nbd7 12. cxd5 cxd5 13. Rc1 Qd8 14. Ne5 Qa5 15. Bc3 Qa3 16. Nd3 a5 17. Nf4 Be6 18. Nxe6 fxe6 19. Qc2 Kh7 20. e4 Rac8 21. e5 Ng4 22. Nb1 Rxc3 23. Qxc3 1-0

[Event "Nevinnomyssk Rating 3rd"]
[Site "Nevinnomyssk"]
[Date "2009.08.15"]
[Round "8"]
[White "Suprunenko, Yury"]
[Black "Tekeyev, Yusuf"]
[Result "1-0"]
[WhiteElo "2210"]
[BlackElo "2161"]
[PlyCount "123"]
[EventDate "2009.08.08"]
[EventType "tourn"]
[EventRounds "10"]
[EventCountry "RUS"]
[SourceTitle "EXT 2021"]
[Source "ChessBase"]
[SourceDate "2020.10.23"]
[SourceVersion "1"]
[SourceVersionDate "2020.10.23"]
[SourceQuality "1"]

1. d4 Nf6 2. Nf3 g6 3. g3 Bg7 4. Bg2 0-0 5. 0-0 d5 6. c4 c6 7. Nbd2 Ne4 8. Ne5 Nxd2 9. Qxd2 dxc4 10. Qc3 Be6 11. Be3 Bd5 12. Nxc4 Bxg2 13. Kxg2 Qd5+ 14. f3 Nd7 15. Bf2 Nb6 16. Nxb6 axb6 17. Qb4 c5 18. dxc5 bxc5 19. Bxc5 Qe5 20. a4 Qxb2 21. Qxb2 Bxb2 22. Rab1 Rfc8 23. Rxb2 Rxc5 24. Rxb7 Re5 25. Ra1 Rxe2+ 26. Kh3 Re5 27. Rb4 Rea5 28. Kg2 Kg7 29. Kf2 g5 30. Ke2 Rd5 31. Ra2 Kg6 32. Ke3 h5 33. Rd4 Re5+ 34. Re4 Kf6 35. Kd4 Rd8+ 36. Ke3 Ra8 37. Rxe5 Kxe5 38. a5 Ra6 39. Ra4 f5 40. f4+ gxf4+ 41. gxf4+ Kd5 42. Kf3 e5 43. fxe5 Kxe5 44. Ke3 h4 45. h3 Kf6 46. Kf4 Kg6 47. Ke5 Kg5 48. Ra3 f4 49. Ke4 f3 50. Kxf3 Kf5 51. Ra4 Kg5 52. Ke3 Kh5 53. Ra3 Kg5 54. Kd4 Kf4 55. Kc4 Rg6 56. a6 Rg3 57. Kb4 Rxa3 58. Kxa3 Kg3 59. a7 Kxh3 60. a8Q Kh2 61. Qg8 h3 62. Qg4 1-0

[Event "Nevinnomyssk Rating 3rd"]
[Site "Nevinnomyssk"]
[Date "2009.08.09"]
[Round "2"]
[White "Suprunenko, Yury"]
[Black "Gutyakulov, Amal"]
[Result "1-0"]
[WhiteElo "2210"]
[BlackElo "1964"]
[PlyCount "59"]
[EventDate "2009.08.08"]
[EventType "tourn"]
[EventRounds "10"]
[EventCountry "RUS"]
[SourceTitle "EXT 2021"]
[Source "ChessBase"]
[SourceDate "2020.10.23"]
[SourceVersion "1"]
[SourceVersionDate "2020.10.23"]
[SourceQuality "1"]

1. d4 Nf6 2. c4 e6 3. Nc3 Bb4 4. Qc2 c5 5. Nf3 b6 6. a3 Bxc3+ 7. Qxc3 Ne4 8. Qc2 Bb7 9. e3 0-0 10. Bd3 f5 11. 0-0 Rf6 12. Nd2 Nxd2 13. Bxd2 Rh6 14. e4 fxe4 15. Bxe4 Qh4 16. Bxh6 Bxe4 17. Qe2 Bb7 18. Bd2 cxd4 19. f3 Nc6 20. Rac1 a5 21. b4 a4 22. Rfd1 Rf8 23. Be1 Qg5 24. Bg3 h5 25. c5 b5 26. Qxb5 h4 27. Bxh4 Qxh4 28. Qxb7 Ne5 29. Kh1 Rf6 30. Qb8+ 1-0

[Event "Nevinnomyssk"]
[Site "Nevinnomyssk"]
[Date "2009.02.27"]
[Round "10"]
[White "Sarmutkin, Sergey"]
[Black "Suprunenko, Yury"]
[Result "0-1"]
[WhiteElo "2010"]
[BlackElo "2210"]
[PlyCount "60"]
[EventDate "2009.02.21"]
[EventType "tourn"]
[EventRounds "11"]
[EventCountry "RUS"]
[SourceTitle "EXT 2012"]
[Source "ChessBase"]
[SourceDate "2011.11.24"]
[SourceVersion "1"]
[SourceVersionDate "2011.11.24"]
[SourceQuality "1"]

1. e4 c5 2. Nf3 Nc6 3. d4 cxd4 4. Nxd4 e6 5. Nc3 a6 6. Be3 Nf6 7. Be2 Bb4 8. Qd3 0-0 9. 0-0 Bxc3 10. bxc3 d5 11. f3 dxe4 12. fxe4 Qc7 13. Bf4 e5 14. Bg3 Rd8 15. Qe3 Qe7 16. Nf5 Bxf5 17. exf5 Rd7 18. h4 Rad8 19. h5 Rd2 20. h6 Rxc2 21. hxg7 Rdd2 22. Rf2 Nd5 23. Qf3 e4 24. Qg4 e3 25. Rff1 Rxe2 26. f6 Rxg2+ 27. Kh1 Nxf6 28. Qc8+ Kxg7 29. Bh4 Rh2+ 30. Kg1 Rcg2# 0-1

[Event "Nevinnomyssk"]
[Site "Nevinnomyssk"]
[Date "2009.02.24"]
[Round "5"]
[White "Suprunenko, Yury"]
[Black "Hudyakov, Sergey"]
[Result "1-0"]
[WhiteElo "2210"]
[BlackElo "2230"]
[PlyCount "49"]
[EventDate "2009.02.21"]
[EventType "tourn"]
[EventRounds "11"]
[EventCountry "RUS"]
[SourceTitle "EXT 2012"]
[Source "ChessBase"]
[SourceDate "2011.11.24"]
[SourceVersion "1"]
[SourceVersionDate "2011.11.24"]
[SourceQuality "1"]

1. e4 d5 2. exd5 Qxd5 3. Nc3 Qa5 4. d4 e5 5. dxe5 Qxe5+ 6. Be2 Bg4 7. Be3 Bxe2 8. Qxe2 Bb4 9. Nf3 Bxc3+ 10. bxc3 Qe7 11. 0-0 Nf6 12. Qb5+ c6 13. Qg5 0-0 14. Bc5 Qe4 15. Bxf8 Kxf8 16. Rfe1 Qxc2 17. Rad1 Na6 18. Nd4 Qg6 19. Qa5 Nd5 20. Nxc6 bxc6 21. Qxa6 Nf4 22. g3 Nh3+ 23. Kg2 Nf4+ 24. Kh1 Qg4 25. Qxc6 1-0